书目信息 |
| 题名: |
数控编程与加工一体化教程
|
|
| 作者: | 许为民 , 李汗平 , 阮铭业 主编 | |
| 分册: | ||
| 出版信息: | 成都 电子科技大学出版社 2018.01 |
|
| 页数: | 224页 | |
| 开本: | 26cm | |
| 丛书名: | ||
| 单 册: | ||
| 中图分类: | TG659 | |
| 科图分类: | ||
| 主题词: | 数控机床--程序设计--高等学校--教材 , 数控机床--加工--高等学校--教材 | |
| 电子资源: | ||
| ISBN: | 978-7-5647-5644-4 | |
| 000 | 00916nam0 2200265 450 | |
| 001 | 3592 | |
| 005 | 20181008093118.96 | |
| 010 | @a978-7-5647-5644-4@dCNY38.00 | |
| 100 | @a20180714d2018 em y0chiy50 ea | |
| 101 | 0 | @achi |
| 102 | @aCN@b510000 | |
| 105 | @aak z 000yy | |
| 200 | 1 | @a数控编程与加工一体化教程@9shu kong bian cheng yu jia gong yi ti hua jiao cheng@f许为民,李汗平,阮铭业主编 |
| 210 | @a成都@c电子科技大学出版社@d2018.01 | |
| 215 | @a224页@c图@d26cm | |
| 300 | @a机电专业“十三五”规划教材 | |
| 330 | @a本书内容包括:数控车床的认知及操作、回转轴的加工、螺纹轴零件的加工、组合零件的加工等。 | |
| 606 | 0 | @a数控机床@x程序设计@x高等学校@j教材 |
| 606 | 0 | @a数控机床@x加工@x高等学校@j教材 |
| 690 | @aTG659@v5 | |
| 701 | 0 | @a许为民@9xu wei min@4主编 |
| 701 | 0 | @a李汗平@9li han ping@4主编 |
| 701 | 0 | @a阮铭业@9ruan ming ye@4主编 |
| 801 | 0 | @aCN@b91MARC@c20180714 |
| 905 | @aMuseLib@dTG659@e30 | |
| 数控编程与加工一体化教程/许为民,李汗平,阮铭业主编.-成都:电子科技大学出版社,2018.01 |
| 224页:图;26cm |
| 机电专业“十三五”规划教材 |
| ISBN 978-7-5647-5644-4:CNY38.00 |
| 本书内容包括:数控车床的认知及操作、回转轴的加工、螺纹轴零件的加工、组合零件的加工等。 |
| ● |
| 相关链接 |
|
|
|
|
正题名:数控编程与加工一体化教程
索取号:TG659/30
 
预约/预借
| 序号 | 登录号 | 条形码 | 馆藏地/架位号 | 状态 | 备注 |
| 1 | 1122762 | 211227625 | 第二样本阅览室/ [索取号:TG659/30] | 在馆 | |
| 2 | 1122763 | 211227634 | 第三借阅区/ [索取号:TG659/30] | 在馆 | |
| 3 | 1122764 | 211227643 | 第三借阅区/ [索取号:TG659/30] | 在馆 | |
| 4 | 1122765 | 211227652 | 第三借阅区/ [索取号:TG659/30] | 在馆 | |
| 5 | 1122766 | 211227661 | 密集书库-物理学院/ [索取号:TG659/30] | 在馆 |